000 00609nam a22002057a 4500
003 OSt
005 20160818144557.0
008 160630b xxu||||| |||| 00| 0 eng d
020 _a0113216408
040 _c040a
082 _aWB 356
_bW992 1996
245 _aHandbook of transfusion medicine :
_bblood transfusion services of the united kingdom /
_cBrian McClelland
250 _a2nd.ed
260 _aLondon
_bStationary office
_c1996
300 _av, 117p;
_c10 cm.
504 _aIncludes bibliographic references
650 _aTransfusion
_99782
700 _aMcClelland, Brian
_99783
942 _2z
_cO_SHELF
999 _c4566
_d4566